Corrupción en el IGSS: abriendo el camino a la privatización
שמור ב:
| פורמט: | Texto |
|---|---|
| נושאים: | |
| תגים: |
הוספת תג
אין תגיות, היה/י הראשונ/ה לתייג את הרשומה!
|
MARC
| LEADER | 00000 a a2200000 04500 | ||
|---|---|---|---|
| 001 | 6664 | ||
| 003 | |||
| 040 | |||
| 245 | |a Corrupción en el IGSS: |b abriendo el camino a la privatización | ||
| 650 | |a CORRUPCION | ||
| 650 | |a SEGURIDAD SOCIAL | ||
| 650 | |a GUATEMALA | ||
| 773 | |g volumen 23, número 1050; páginas 8-10 | ||
| 999 | |c 31098 |d 31098 | ||
